Evolutionary economics and environmental policy : survival of the greenest

Bibliographic Details
Main Author: Bergh,Jeroen C. J. M. van den , 1965- (Author)
Format: Book
Language:English
Published: Cheltenham, UK ; Northampton, MA : Edward Elgar , c2007
Series:New horizons in institutional and evolutionary economics
Subjects:
Online Access:Table of contents only

MARC

LEADER 00000cam a2200000 7i4500
001 0000057310
005 20220817093000.0
008 080522s2007 enk eng
020 |a 1845429559 (hardcover) 
020 |a 9781845429553 (hardcover) 
090 0 0 |a HD9502.N42   |b E89 2007 
245 0 0 |a Evolutionary economics and environmental policy :   |b survival of the greenest   |c Jeroen C.J.M. van den Bergh ... [et al.] 
260 |a Cheltenham, UK ;   |a Northampton, MA :   |b Edward Elgar ,   |c c2007 
300 |a x, 180 p. :   |b ill. ;   |c 24 cm. 
440 0 |a New horizons in institutional and evolutionary economics 
500 |a "This book is the result of a joint effort of the Netherlands Environmental Assessment Agency, the Faculty of Economics and Business Administration of the Free University (Vrije Universiteit) in Amsterdam, and the university's Institute for Environmental Studies"--preface 
504 |a Includes bibliographical references (p. 154-166) and index 
650 0 |a Energy policy   |x Environmental aspects 
650 0 |a Energy policy   |z Netherlands   |v Case studies 
650 0 |a Environmental policy   |z Netherlands 
650 0 |a Evolutionary economics 
650 0 |a Sustainable development   |z Netherlands 
700 1 |a Bergh,Jeroen C. J. M. van den ,   |d 1965- ,   |e author 
856 4 1 |3 Table of contents only   |u http://www.loc.gov/catdir/toc/ecip0617/2006022405.html 
999 |a 1000118266   |b Book   |c OPEN SHELF (30 DAYS)   |e Gong Badak Campus